| 000 | 00333nam a2200097Ia 4500 | ||
|---|---|---|---|
| 008 | 220120s9999||||xx |||||||||||||| ||und|| | ||
| 100 |
_aVaishnavi Thimmaiah and Varun Krishna _912368 |
||
| 245 | 0 | _aImage processing using web services | |
| 260 |
_aCoorg Institute of Technology _bPonnampet _c2002 |
||
| 650 | _aELECTRONICS AND COMMUNICATIONS | ||
| 999 |
_c137955 _d137955 |
||